| 000 | 00759cam a2200301 i 4500 | ||
|---|---|---|---|
| 001 | 0500 | ||
| 003 | DO-SdBNP | ||
| 005 | 20180124150525.0 | ||
| 007 | 0500 | ||
| 008 | 100514s 19uu xxu | |||| 000 f spa | ||
| 015 | _a | ||
| 017 |
_a _b |
||
| 020 | _a | ||
| 035 | _a | ||
| 040 |
_aBPMSU _bspa _cBPMSU _e |
||
| 080 | _a | ||
| 092 |
_axxxxxxxx _bxxxxxxxx |
||
| 100 | 1 |
_aVerne, Julio, _d1828-1905 |
|
| 240 |
_a _l |
||
| 245 | 1 | 3 |
_aEl faro del fin del mundo / _cJulio Verne _h |
| 260 |
_a[Barcelona ] : _bJuventud , _c [198-?]. |
||
| 300 |
_a155 p.: _bil. ; _c20 m |
||
| 830 |
_a _n |
||
| 942 |
_2ddc _cBK |
||
| 945 | _aInventariado, 2018 / BT | ||
| 956 |
_aVMATEO _b10 _d20160826 _fBPMSU _h0069 |
||
| 956 |
_aBTAVAREZ _b10 _d20180124 _fBPMSU _h0038 |
||
| 999 |
_c11185 _d11185 |
||